Countries the US has invaded since 1776 - Statistics

General Stats
  • This quiz has been taken 95 times
    66 since last reset
  • The average score is 30 of 65
Answer Stats
Country % Correct
Mexico
92%
Germany
86%
China
82%
France
82%
Vietnam
80%
Iraq
76%
Japan
76%
Russia
75%
Afghanistan
71%
Iran
71%
North Korea
71%
Panama
71%
Italy
67%
Egypt
65%
Haiti
65%
Nicaragua
65%
Philippines
65%
Colombia
63%
Dominican Republic
61%
Honduras
61%
Guatemala
59%
Indonesia
59%
Cambodia
57%
Turkey
57%
India
55%
Laos
55%
Pakistan
55%
Algeria
53%
Lebanon
53%
Syria
53%
El Salvador
49%
Grenada
49%
Argentina
47%
Morocco
47%
Chile
45%
Austria
43%
Greece
43%
Libya
43%
Kuwait
41%
Tunisia
41%
Bosnia & Herzegovina
39%
South Korea
37%
Saudi Arabia
33%
Yemen
33%
Democratic Republic of the Congo
31%
Hungary
29%
Myanmar
29%
Sudan
29%
Albania
27%
Oman
27%
Bolivia
25%
Niger
25%
Angola
24%
Liberia
22%
Uruguay
22%
Samoa
20%
Mali
18%
Micronesia
16%
Papua New Guinea
16%
Vanuatu
16%
Hawaii
14%
North Macedonia
10%
Uganda
4%
Cube
2%
Virgin Islands
2%
No matching quizzes found
Score Distribution
Percent of People with Each Score
Percentile by Number Answered
Your Score History
You have not taken this quiz since the last reset